Central Library OPAC University of Rajshahi

Islam, Christianity, Hinduism : (Record no. 44753)

MARC details
000 -LEADER
fixed length control field 00560nam a2200205 a 4500
001 - CONTROL NUMBER
control field 44753
003 - CONTROL NUMBER IDENTIFIER
rucl marc code BD-RjUL
005 - DATE AND TIME OF LATEST TRANSACTION
control field 20211209053919.0
008 - FIXED-LENGTH DATA ELEMENTS--GENERAL INFORMATION
fixed length control field 160720b pk ||||| |||| 00| 0 eng d
035 ## - SYSTEM CONTROL NUMBER
System control number (BD-RjUL)44871
040 ## - CATALOGING SOURCE
Original cataloging agency BD-RjUL
Language of cataloging eng
Transcribing agency BD-RjUL
041 ## - LANGUAGE CODE
Language code of text/sound track or separate title eng
082 ## - DEWEY DECIMAL CLASSIFICATION NUMBER
Edition number 23
Classification number 291
Author mark and year SAI
100 ## - MAIN ENTRY--PERSONAL NAME
Personal name Sandeela, F.M
9 (RLIN) 137209
245 10 - TITLE STATEMENT
Title Islam, Christianity, Hinduism :
Remainder of title a comparative study /
Statement of responsibility, etc. F M Sandeela
260 ## - PUBLICATION, DISTRIBUTION, ETC. (IMPRINT)
Place of publication, distribution, etc. Karachi :
Name of publisher, distributor, etc. Asraf Publication,
300 ## - PHYSICAL DESCRIPTION
Pagination [3], 179 p. ;
Size 18 cm.
650 ## - SUBJECT ADDED ENTRY--TOPICAL TERM
Topical term or geographic name as entry element Religion
9 (RLIN) 137210
942 ## - ADDED ENTRY ELEMENTS (KOHA)
Source of classification or shelving scheme Dewey Decimal Classification
Koha item type Books
Holdings
Lost status Source of classification or shelving scheme Damaged status Not for loan Collection code Permanent Location Current Location Shelving location Date acquired Source of acquisition Total Checkouts Full call number Date last seen Copy number Koha item type
  Dewey Decimal Classification     Non-fiction Central Library, University of Rajshahi Central Library, University of Rajshahi   13/04/1983 Karachi,   291 SAI 20/07/2016 C-2 Books